Sports Quiz

Random Sports Quiz
Score 0/47 Timer 10:00
0 Plays Today
Event Quantity % Correct
100m M9.58s
99%
200m M19.19s
94.1%
High Jump M2.45m
63.4%
400m M43.18s
61.4%
Long Jump M8.95m
60.4%
Pole Vault M6.16m
54.5%
Triple Jump M18.29m
52.5%
100m W10.49s
48.5%
110m Hurdles M12.80s
46.5%
800m M1:40.91
44.6%
1500m M3:26.00
41.6%
High Jump W2.09m
38.6%
Shot Put M23.12m
31.7%
400m Hurdles M46.78s
28.7%
Pole Vault W5.06m
28.7%
Javelin Throw M98.48m
27.7%
200m W21.34s
25.7%
4x100m Relay M36.84s
23.8%
Long Jump W7.52m
23.8%
400m W47.60s
21.8%
100m Hurdles W12.21s
21.8%
Triple Jump W15.50m
18.8%
Discus Throw M74.08m
17.8%
5000m M12:37.35
14.9%
Event Quantity % Correct
Marathon M2:02:57
14.9%
10,000m M26:17.53
13.9%
3000m Steeplechase M7:53.63
13.9%
Hammer Throw M86.74m
13.9%
4x400m Relay M2:54.29
12.9%
400m Hurdles W52.34s
12.9%
Decathlon M9039 pts
10.9%
Shot Put W22.63m
10.9%
800m W1:53.29
8.9%
1500m W3:50.46
8.9%
Marathon W2:15:25
7.9%
Discus Throw W76.80m
7.9%
Heptathlon W7291 pts
7.9%
4x100m Relay W40.82s
6.9%
5000m W14:11.15
5.9%
Javelin Throw W72.28m
5.9%
50km Race Walk M3:32:33
5%
10,000m W29:31.78
5%
20km Race Walk M1:17:16
4%
3000m Steeplechase W8:58.81
4%
4x400m Relay W3:15.17
3%
Hammer Throw W79.58m
3%
20km Race Walk W1:25:02
1%
Remove Ads.
Support Sporcle.
Get the best of Sporcle when you Go Orange. This ad-free experience offers more features, more stats, and more fun while also helping to support Sporcle. Thank you for becoming a member.

You're not logged in!

Compare scores with friends on all Sporcle quizzes.
OR
Log In

Show Comments

Extras

Top Quizzes Today


Score Distribution

Your Account Isn't Verified!

In order to create a playlist on Sporcle, you need to verify the email address you used during registration. Go to your Sporcle Settings to finish the process.

Report this User

Report this user for behavior that violates our Community Guidelines.

Details: